How to Train Your Dragon Episode Titles - Statistics

General Stats
  • This quiz has been taken 90 times
  • The average score is 32 of 105
Answer Stats
Season Title % Correct
RTTE: Season 6 (2 Parts) King of Dragons
57%
RTTE: Season 3/4 (2 Parts) Defenders of the Wing
52%
RTTE: Season 1 Imperfect Harmony
48%
RTTE: Season 2 (2 Parts) Maces and Talons
48%
RTTE: Season 3 To Heather or Not to Heather
48%
RTTE: Season 4 Blindsided
43%
RTTE: Season 2 (2 Parts) Edge of Disaster
43%
RTTE: Season 5 Living on the Edge
43%
RTTE: Season 6 Mi Amore Wing
43%
RTTE: Season 4 (2 Parts) Shell Shocked
43%
RTTE: Season 5 Snotlout's Angels
43%
RTTE: Season 1 (2 Parts) Dragon Eye of the Beholder
39%
RTTE: Season 3 Enemy of My Enemy
39%
RTTE: Season 1 Gone Gustav Gone
39%
RTTE: Season 6 Guardians of Vanaheim
39%
RTTE: Season 4 Not Lout
39%
RTTE: Season 2 Snotlout Gets the Axe
39%
RTTE: Season 1 When Darkness Falls
39%
RTTE: Season 3 Between a Rock and a Hard Place
35%
RTTE: Season 3 Buffalord Soldier
35%
RTTE: Season 1 Crushing It
35%
RTTE: Season 6 Darkest Night
35%
RTTE: Season 4 Gold Rush
35%
RTTE: Season 4 Gruff Around the Edges
35%
RTTE: Season 6 In Plain Sight
35%
RTTE: Season 3 Last Auction Heroes
35%
RTTE: Season 6 Loyal Order of Ingerman
35%
RTTE: Season 3 Stryke Out
35%
RTTE: Season 2 Team Astrid
35%
RTTE: Season 5 (2 Parts) The Wings of War
35%
Riders of Berk Twinsanity
35%
RTTE: Season 4 Twintuition
35%
RTTE: Season 6 A Gruff Separation
30%
RTTE: Season 5 A Matter of Perspective
30%
Riders of Berk Animal House
30%
RTTE: Season 2 A Time to Skrill
30%
Defenders of Berk (2 Parts) A View to a Skrill
30%
RTTE: Season 1 Big Man on Berk
30%
RTTE: Season 5 Dawn of Destruction
30%
RTTE: Season 4 Dire Straits
30%
RTTE: Season 6 Family Matters
30%
RTTE: Season 3 Family on the Edge
30%
RTTE: Season 3 Follow the Leader
30%
Riders of Berk (2 Parts) Heather Report
30%
RTTE: Season 2 (2 Parts) Night of the Hunters
30%
RTTE: Season 6 No Bark, All Bite
30%
RTTE: Season 1 Quake, Rattle and Roll
30%
RTTE: Season 6 Ruff Transition
30%
RTTE: Season 5 Sandbusted
30%
RTTE: Season 5 Snuffnut
30%
RTTE: Season 4 The Longest Day
30%
RTTE: Season 1 The Next Big Sting
30%
RTTE: Season 2 The Zippleback Experience
30%
RTTE: Season 3 Tone Death
30%
RTTE: Season 1 Total Nightmare
30%
RTTE: Season 6 Triple Cross
30%
Riders of Berk Viking for Hire
30%
RTTE: Season 3 A Grim Retreat
26%
RTTE: Season 2 Bad Moon Rising
26%
Defenders of Berk Bing! Bam! Boom!
26%
Defenders of Berk (2 Parts) Cast Out
26%
RTTE: Season 3 Crash Course
26%
Riders of Berk Dragon Flower
26%
Defenders of Berk Frozen
26%
RTTE: Season 1 (2 Parts) Have Dragon Will Travel
26%
Riders of Berk How to Pick Your Dragon
26%
Riders of Berk How to Start a Dragon Academy
26%
Riders of Berk In Dragons We Trust
26%
RTTE: Season 5 No Dragon Left Behind
26%
RTTE: Season 4 Out of the Frying Pan
26%
Defenders of Berk Race to Fireworm Island
26%
RTTE: Season 4 Saving Shattermaster
26%
RTTE: Season 2 Shock and Awe
26%
RTTE: Season 5 Sins of the Past
26%
RTTE: Season 2 Snow Way Out
26%
Riders of Berk Thawfest
26%
Defenders of Berk The Night and the Fury
26%
Riders of Berk (2 Parts) We Are Family
26%
Riders of Berk What Flies Beneath
26%
Defenders of Berk Zippleback Down
26%
Riders of Berk Alvin and the Outcasts
22%
Defenders of Berk Appetite for Destruction
22%
Defenders of Berk A Tale of Two Dragons
22%
Riders of Berk Breakneck Bog
22%
Riders of Berk Defiant One
22%
Defenders of Berk Free Scauldy
22%
Defenders of Berk Fright of Passage
22%
Riders of Berk Gem of a Different Color
22%
Defenders of Berk Live and Let Fly
22%
RTTE: Season 4 Midnight Scrum
22%
Riders of Berk Portrait of Hiccup as a Buff Man
22%
RTTE: Season 5 Searching for Oswald ... and Chicken
22%
RTTE: Season 5 Something Rotten on Berserker Island
22%
Defenders of Berk The Eel Effect
22%
Defenders of Berk The Iron Gronckle
22%
Riders of Berk The Terrible Twos
22%
Defenders of Berk Tunnel Vision
22%
RTTE: Season 3 Turn and Burn
22%
Riders of Berk When Lightning Strikes
22%
Defenders of Berk Worst in Show
22%
RTTE: Season 6 Chain of Command
17%
RTTE: Season 1 Reign of Fireworms
17%
RTTE: Season 5 Return of Thor Bonecrusher
17%
Defenders of Berk Smoke Gets in Your Eyes
17%
Defenders of Berk The Flight Stuff
17%
No matching quizzes found
Score Distribution
Percent of People with Each Score
Percentile by Number Answered
Your Score History
You have not taken this quiz